|
|
|
|
| LEADER |
00000nam0a2200000 4500 |
| 001 |
678636 |
| 005 |
20250214115820.0 |
| 090 |
|
|
|a 678636
|
| 100 |
|
|
|a 20250214d1979 km|y0rusy50 ca
|
| 101 |
0 |
|
|a rus
|
| 102 |
|
|
|a MD
|
| 105 |
|
|
|a a z 001yy
|
| 181 |
|
0 |
|a i
|b e
|
| 182 |
|
0 |
|a n
|
| 183 |
|
0 |
|a nc
|2 RDAcarrier
|
| 200 |
1 |
|
|a Элементы теории и технологии разделительных процессов
|f В. А. Тимощенко
|g Кишиневский политехнический институт им. С. Лазо
|
| 203 |
|
|
|a Текст
|b визуальный
|c непосредственный
|
| 210 |
|
|
|a Кишинев
|c Штиинца
|d 1979
|
| 215 |
|
|
|a 84 с.
|c ил.
|
| 283 |
|
|
|a volume
|2 RDAcarrier
|
| 320 |
|
|
|a Литература: с. 79-83
|
| 606 |
1 |
|
|a Металлообработка давлением
|x Разделительные процессы
|9 62170
|
| 610 |
1 |
|
|a чистовая вырубка
|
| 610 |
1 |
|
|a резка труб
|
| 610 |
1 |
|
|a пробивка
|
| 610 |
1 |
|
|a листовые заготовки
|
| 610 |
1 |
|
|a пластическая деформация
|
| 675 |
|
|
|a 621.961
|
| 700 |
|
1 |
|a Тимощенко
|b В. А.
|g Виктор Алексеевич
|
| 712 |
0 |
2 |
|a Кишиневский политехнический институт им. С. Лазо
|4 570
|9 23937
|
| 801 |
|
0 |
|a RU
|b 63413507
|c 20250214
|
| 830 |
|
|
|a Ретро2025Каталогизация Мотырева
|
| 850 |
|
|
|a 63413507
|
| 942 |
|
|
|c BK
|